| 000 | 00428nam a22001577a 4500 | ||
|---|---|---|---|
| 003 | OSt | ||
| 005 | 20220930082136.0 | ||
| 008 | 220930b |||||||| |||| 00| 0 eng d | ||
| 040 | _cHU | ||
| 082 | _a674.13203 TIT 1971 | ||
| 100 |
_a Titmuss, F. H. _d(Frank Hamilton), 1909-; Richards, C. H _937257 |
||
| 245 | _aCommercial timbers of the world, | ||
| 260 | _c1971 | ||
| 300 |
_aVii, 351P _bHC _c24cm |
||
| 942 |
_2ddc _cBOOKS _n0 |
||
| 999 |
_c35662 _d35662 |
||